00269nam a2200097Ia 4500008004100000100002400041245006600065260002400131300000800155650000800163191201s2014 xx 000 0 und d aZEITHAML, Valarie A 0aServices Marketing Integrating Customer Focus Across the Firm aN. DelhibTMHc2014 a711 aMBA